LEADER 01433nam a2200349 a 4500 001 000000133898 003 CaOOAMICUS 005 20130510121431.0 008 130510s1974 it u000 u ita r 040 $aPUL$bita 041 1 $aita$hger 100 1 $aMarx, Karl,$d1818-1883.$0(OLS)http://pul/name/35606 240 10$aZur Kritik del Politischen Ökonomie.$lItaliano.$0(OLS)http://pul/title/169266 245 10$aPer la critica dell'economia politica /$cKarl Marx ; introduzione di Maurice Dobb. 250 $a3. ed. 260 $aRoma :$bEditori Riuniti,$c1974. 300 $aXIX, 225 p. ;$c22 cm 490 1 $aBiblioteca del pensiero moderno ;$v14 500 $aInclude indici. 504 $aNote bibliografiche. 650 4$aEconomia politica.$0(OLS)http://pul/subject/7140 650 4$aEconomia$xFilosofia.$0(OLS)http://pul/subject/36806 700 1 $aDobb, Maurice.$0(OLS)http://pul/name/86269 830 0$aBiblioteca del pensiero moderno (Editori Riuniti) ;$v14.$0(OLS)http://pul/title/31991 850 $aPUL 852 $aPUL$W1$xDP1 Fondo E. Rossi$y115$m1 M 38$j153932$a3. rist.$qFondi$B153506$CPULBib$Z2$F153506 $82 900 $aMarx, Carlo$935606 941 1 $a1 961 $aSul dorso collocazione ms. di E. Rossi: M 34 996 $6245$aPer la critica dell'economia politica$9(OLS)http://pul/title/169267 996 $6260$aRoma :$bEditori Riuniti$9(OLS)http://pul/publisher/54152 LEADER 01336nam a2200301 a 4500 001 000000175803 003 CaOOAMICUS 005 20230228140123.0 008 230228s2022 gw u000 u ger r 020 $a978-3-451-39366-2* 032 $aLibriCat 040 $aPUL$bita 100 1 $aGrossmann, Katrin.$0(OLS)http://pul/name/112976 245 10$aGott fu?rchten? : $beine systematisch-exegetische Rekonstruktion eines missverstandenen biblischen Motivs /$cKatrin Grossmann. 260 $aFreiburg :$bHerder,$c2022. 300 $a531 p. ;$c24 cm 490 1 $aFreiburger theologische Studien ;$v199 500 $aComprende indici. 504 $aBibliografia in nota e alle p. 273-279. 630 04$aBiblia.$pV.T.$xIra di Dio.$0(OLS)http://pul/subject/41359 830 0$aFreiburger theologische Studien ;$v199.$0(OLS)http://pul/title/2244 850 $aPUL 852 $aPUL$W1$xSL Religione 1$y3$m72 E 199$j199965$qStampati$B204747$CPULBib$Z2$F204747 $H136110 $82 941 1 $a8 996 $6020$a978-3-451-39366-2*$9(OLS)http://pul/number/169069 996 $6245$aGott fu?rchten? : $beine systematisch-exegetische Rekonstruktion eines missverstandenen biblischen Motivs$9(OLS)http://pul/title/217264 996 $6260$aFreiburg :$bHerder$9(OLS)http://pul/publisher/48354